Agile practices for waterfall projects (Record no. 61401)
[ view plain ]
| 000 -LEADER | |
|---|---|
| fixed length control field | 01248nam a2200313Ia 4500 |
| 082 04 - DEWEY DECIMAL CLASSIFICATION NUMBER | |
| Classification number | 658.4/04 |
| 100 1# - MAIN ENTRY--AUTHOR NAME | |
| Personal name | Davis, Barbee. |
| 245 10 - TITLE STATEMENT | |
| Title | Agile practices for waterfall projects |
| 260 ## - PUBLICATION, DISTRIBUTION, ETC. (IMPRINT) | |
| Place of publication | Plantation, FL : |
| Name of publisher | J. Ross Pub., |
| Year of publication | c2013. |
| 300 ## - PHYSICAL DESCRIPTION | |
| Number of Pages | xiii, 346 p. : |
| Other physical details | ill., maps. |
| 650 #0 - SUBJECT ADDED ENTRY--TOPICAL TERM | |
| Topical Term | Project management. |
| Topical Term | Teams in the workplace. |
| 856 40 - ELECTRONIC LOCATION AND ACCESS | |
| Uniform Resource Identifier | http://site.ebrary.com/lib/rucke/Doc?id=10667705 |
No items available.
